书目信息 |
| 题名: |
那风那雨那太阳
|
|
| 作者: | 万紫燕 著 | |
| 分册: | ||
| 出版信息: | 北京 中国电影出版社 2005 |
|
| 页数: | 350页, [2] 页图版 | |
| 开本: | 21cm | |
| 丛书名: | ||
| 单 册: | ||
| 中图分类: | I217.2 | |
| 科图分类: | ||
| 主题词: | 诗歌--中国--当代--作品集 , 散文--中国--当代--作品集 | |
| 电子资源: | ||
| ISBN: | 7-106-02278-0 | |
| 000 | 00810nam0 22002532 450 | |
| 001 | 192004003577 | |
| 005 | 20070911095100.98 | |
| 010 | @a7-106-02278-0@dCNY20.00 | |
| 100 | @a20070602d2005 ekmy0chiy0121 ea | |
| 101 | 0 | @achi |
| 102 | @aCN@b110000 | |
| 105 | @aaf z 000cy | |
| 200 | 1 | @a那风那雨那太阳@Ana feng na yu na tai yang@e诗文集@f万紫燕著 |
| 210 | @a北京@c中国电影出版社@d2005 | |
| 215 | @a350页, [2] 页图版@c图@d21cm | |
| 300 | @a其他题名:诗文集 | |
| 330 | @a本书是一部中国当代诗歌、散文作品集,主要内容包括山水情怀,大自然心灵的呼唤,画在黄河边,沧桑母亲河等内容。 | |
| 517 | 1 | @a诗文集@Ashi wen ji |
| 606 | 0 | @a诗歌@y中国@z当代@j作品集 |
| 606 | 0 | @a散文@y中国@z当代@j作品集 |
| 690 | @aI217.2@v4 | |
| 701 | 0 | @a万紫燕@Awan zi yan@4著 |
| 801 | 0 | @aCN@c20070911 |
| 905 | @dI217.2@eW048 | |
| 那风那雨那太阳:诗文集/万紫燕著.-北京:中国电影出版社,2005 |
| 350页, [2] 页图版:图;21cm |
| 其他题名:诗文集 |
| ISBN 7-106-02278-0:CNY20.00 |
| 本书是一部中国当代诗歌、散文作品集,主要内容包括山水情怀,大自然心灵的呼唤,画在黄河边,沧桑母亲河等内容。 |
| ● |
| 相关链接 |
|
|
|
正题名:那风那雨那太阳
索取号:I217.2/W048
 
预约/预借
| 序号 | 登录号 | 条形码 | 馆藏地/架位号 | 状态 | 备注 |
| 1 | 621150 | 206211507 | 文学库108/108文学库 15排5列2层/ [索取号:I217.2/W048] | 在馆 | |
| 2 | 621151 | 206211516 | 文学库108/108文学库 15排5列2层/ [索取号:I217.2/W048] | 在馆 | |
| 3 | 621152 | 206211525 | 文学库108/108文学库 15排5列2层/ [索取号:I217.2/W048] | 在馆 |